000 01403cam a22003735a 4500
999 _c27006
_d26978
001 ssj0000078475
003 WaSeSS
005 20181115134544.0
008 030508t2004 maua frb 000 2 eng d
020 _a9780131411555
020 _a0131411551
040 _aBIP US
_beng
_dWaSeSS
_dEG-ScBUE
082 0 4 _a005.71
_bSTE
_222
100 1 _aStevens, Richard W.
245 1 0 _aUNIX network programming /
_cW. Richard Stevens, Bill Fenner, Andrew M. Rudoff.
250 _a3rd ed.
260 _aBoston :
_bPearson Education / Addison-Wesley,
_cc.2004.
300 _av. 1. (xxiii, 991 p.) :
_bill. ;
_c24 cm.
490 0 _aAddison-Wesley professional computing series
504 _aIncludes bibliographical references and index.
505 2 _av. 1. The sockets networking API.
520 _aThis revised guide to Unix networking APIs updates coverage of programming standards and debugging techniques, and covers operating systems including Red Hat 9, Solaris 9, HP-UX, Free BSD 4.8/5.0, AIX 5.x and Mac OS X.
630 0 7 _aUNIX (Computer file)
_937251
650 7 _aComputer Networks.
_2BUEsh
650 7 _aInternet Programming.
_2BUEsh
651 _2BUEsh
653 _bENGGEN
_bCOMSCI
_cNovember2018
655 _vReading book
700 1 _aFenner, Bill.
700 1 _aRudoff, Andrew M.
942 _2ddc
949 _hsbenebook